000 00818nmm a2200289 a 4500
003 AR-BaBNM
005 20251128211147.0
008 253020s2002 ||||||||||||||000 | spa||
020 _a950-15-2258-X
040 _cAR-BaBNM
100 1 _aLanata, Jorge
245 1 0 _aArgentinos
_bdesde Pedro de Mendoza a la Argentina del Centenario
250 _a11ª ed.
260 _aBuenos Aires
_bEdiciones B
_c2002
300 _a459 p.
_bláms.
650 4 _aLITERATURA ARGENTINA
650 4 _aHISTORIA ARGENTINA
650 4 _aINVASIONES INGLESAS
650 4 _aREVOLUCION DE MAYO
650 4 _aCOSTUMBRES Y TRADICIONES
650 4 _aGUERRA DEL PARAGUAY
650 4 _aINDEPENDENCIA ARGENTINA
650 4 _aGENERACION DE 1880
653 _aCENTENARIO DE LA REVOLUCION DE MAYO
942 _cBK
998 _cMariana
999 _c18513
_d18513